00685nam a2200241 a 4500001001300000003000900013005001700022008004100039020000800080082001600088100001400104245005200118260004400170300000900214500003500223505001000258650001900268700001400287902000800301942000700309952011200316999001500428nice12345678IN_TiNIC20260116011447.0050524s1962 sana grp 000 0 eng  ac000a001.42bGUT aGuth, H P aWords and Ideas- a Handbook for College Writing aSan FranciscobWordsworth Pub.Co.c1962 a585p aincludes index and biblioraphy2 aIndex aReport Writing1 aGuth, H P bSRS cBK 001040708StackRoom-aHMIbHMId2005-05-24g0.00l0o001.42 GUTp02270r2005-05-24v0.00w2005-05-24yBK c1733d1733